Sửa chữa điện xí nghiệp điện tử công nghiệp (Sách dùng cho học sinh Cao đẳng không chuyên điện, học sinh THCN, DN điện xí nghiệp)

Shranjeno v:
Bibliografske podrobnosti
Glavni avtor: Trần, Nhật Tân
Format: Knjiga
Jezik:Undetermined
Izdano: Hà Nội Giáo dục 2006
Teme:
Oznake: Označite
Brez oznak, prvi označite!
Thư viện lưu trữ: Trung tâm Học liệu Trường Đại học Cần Thơ
LEADER 00761nam a2200205Ia 4500
001 CTU_123864
008 210402s9999 xx 000 0 und d
020 |c 35500 
082 |a 621.3815 
082 |b T121 
100 |a Trần, Nhật Tân 
245 0 |a Sửa chữa điện xí nghiệp điện tử công nghiệp 
245 0 |b (Sách dùng cho học sinh Cao đẳng không chuyên điện, học sinh THCN, DN điện xí nghiệp) 
245 0 |c Trần Nhật Tân 
260 |a Hà Nội 
260 |b Giáo dục 
260 |c 2006 
650 |a Electronic apparatus and appliances,Electrics and electronics,Digital electronics 
904 |i Minh 
980 |a Trung tâm Học liệu Trường Đại học Cần Thơ